| 000 | 00992cab a2200265 4500 | ||
|---|---|---|---|
| 001 | ABS51849 | ||
| 008 | 090401t1994 xxu||||| |||| 00| 0 eng d | ||
| 035 | _a(Sirsi) u46680 | ||
| 041 | _aeng | ||
| 100 | _aTurner, B. | ||
| 245 | 4 | _aThe valuation of resort condominium projects and individual units | |
| 260 | _c1994 | ||
| 350 | _a0 | ||
| 490 |
_aJournal of Property Valuation and Investment _v12(4) 1994, 9-36(28) |
||
| 520 | _aReviews the legal structuring of condominiums in British Columbia, focusing on resort condominium properties in Whistler, British Columbia. Examines the primary factors affecting value and finally deals with valuing these properties by the cost, direct comparison and income approaches. | ||
| 650 | _aCANADA | ||
| 650 | _aCONDOMINIUMS | ||
| 650 | _aHOLIDAY PROPERTY | ||
| 650 | _aINCOME VALUATION | ||
| 650 | _aRESORT CONDOMINIUM PROPERTY | ||
| 650 | _aVALUATION METHODS | ||
| 690 | _aRATING AND VALUATION | ||
| 942 | _n0 | ||
| 948 | _c04/03/1997 | ||
| 999 |
_c29514 _d29514 |
||